000 00331nam a2200145Ia 4500
100 _aGill/Stephen J
650 _aGeneral
942 _cBK
654 _aorganisational
245 _aManagers Pocket guide to organisational learning
260 _bJaico Pub
_c2003
082 _a658.402
_bGIL
300 _a143
546 _aENGLISH
999 _c22613
_d22613